[Event "Piguee op 15th"]
[Site "Piguee"]
[Date "2020.09.01"]
[Round "7.3"]
[White "Nobo, Jorge"]
[Black "Favre, German"]
[Result "1-0"]
[WhiteElo "1740"]
[BlackElo "1600"]
[PlyCount "93"]
[EventDate "2020.07.21"]
[EventType "tourn"]
[EventRounds "7"]
[EventCountry "ARG"]
[SourceTitle "EXT 2024"]
[Source "ChessBase"]
[SourceDate "2023.10.10"]
[SourceVersion "1"]
[SourceVersionDate "2023.10.10"]
[SourceQuality "1"]

1. d4 e6 2. Bf4 Nc6 3. e3 d5 4. Bd3 Bd6 5. Bg3 a5 6. Nd2 b6 7. c3 Ba6 8. Qc2 Bxd3 9. Qxd3 Be7 10. Ngf3 Nf6 11. 0-0 Nh5 12. Qb5 Qd7 13. Qe2 Nxg3 14. fxg3 0-0 15. e4 dxe4 16. Qxe4 Na7 17. Ne5 Qd8 18. Ndf3 Qd5 19. Qf4 Nc6 20. h3 Nxe5 21. Nxe5 Bf6 22. Ng4 Bd8 23. Ne5 f6 24. c4 Qd6 25. Qe4 Be7 26. Nf3 c5 27. Kh2 Rad8 28. Rad1 Qc7 29. Qxe6+ Kh8 30. d5 Bd6 31. Qg4 Rfe8 32. Rde1 Rf8 33. Nh4 Be5 34. b3 Rfe8 35. Nf5 Bc3 36. Re6 Rxe6 37. dxe6 Re8 38. e7 g6 39. Rf3 Be5 40. Ne3 Qxe7 41. Nd5 f5 42. Nxe7 fxg4 43. Rf7 gxh3 44. gxh3 Bd6 45. Nd5 Re2+ 46. Kg1 Bxg3 47. Nf6 1-0

[Event "Piguee op 15th"]
[Site "Piguee"]
[Date "2020.08.18"]
[Round "5.3"]
[White "Aqueveque, Matias"]
[Black "Nobo, Jorge"]
[Result "1-0"]
[WhiteElo "1513"]
[BlackElo "1740"]
[PlyCount "79"]
[EventDate "2020.07.21"]
[EventType "tourn"]
[EventRounds "7"]
[EventCountry "ARG"]
[SourceTitle "EXT 2024"]
[Source "ChessBase"]
[SourceDate "2023.10.10"]
[SourceVersion "1"]
[SourceVersionDate "2023.10.10"]
[SourceQuality "1"]

1. c4 f5 2. d4 Nf6 3. Nc3 e6 4. e3 Be7 5. Bd3 b6 6. Bd2 Bb7 7. f3 Nc6 8. a3 0-0 9. Nge2 Qe8 10. Nb5 Bd8 11. 0-0 a6 12. Nbc3 Ne7 13. Ng3 c5 14. Nce2 Bc7 15. dxc5 bxc5 16. b4 Bd6 17. Qc2 Ng6 18. e4 f4 19. Nh1 Be5 20. Rab1 Bd4+ 21. Nf2 e5 22. bxc5 Bxf2+ 23. Rxf2 Bc6 24. Nc3 Qe7 25. Na4 Bxa4 26. Qxa4 Qxc5 27. Bb4 Qd4 28. Bxf8 Qxd3 29. Rd1 Qe3 30. Bb4 a5 31. Be1 Nf8 32. Kf1 Ne6 33. Re2 Qc5 34. Bf2 Qc7 35. Rc2 d6 36. Qb3 Kh8 37. Rcd2 Ne8 38. c5 Nxc5 39. Bxc5 Qxc5 40. Qf7 1-0

[Event "Piguee op 15th"]
[Site "Piguee"]
[Date "2020.08.04"]
[Round "3.4"]
[White "Nobo, Jorge"]
[Black "Dellapittima, Cesar"]
[Result "0-1"]
[WhiteElo "1740"]
[BlackElo "1760"]
[PlyCount "76"]
[EventDate "2020.07.21"]
[EventType "tourn"]
[EventRounds "7"]
[EventCountry "ARG"]
[SourceTitle "EXT 2024"]
[Source "ChessBase"]
[SourceDate "2023.10.10"]
[SourceVersion "1"]
[SourceVersionDate "2023.10.10"]
[SourceQuality "1"]

1. e4 e5 2. Nf3 Nc6 3. Bc4 Bc5 4. d3 Nf6 5. 0-0 h6 6. h3 0-0 7. c3 d6 8. b4 Bb6 9. Qb3 Bd7 10. Be3 Qc8 11. Nh2 Bxh3 12. gxh3 Qxh3 13. Qd1 Bxe3 14. fxe3 Qxe3+ 15. Kh1 Nxe4 16. Rf3 Nf2+ 17. Rxf2 Qxf2 18. Nd2 Ne7 19. Ne4 Qh4 20. Bb3 Nf5 21. Qf3 Ne7 22. Rg1 Ng6 23. Rxg6 Kh8 24. Rg3 f5 25. Ng5 g6 26. Nf7+ Kg7 27. Nxh6 Qxh6 28. Qxb7 Qc1+ 29. Rg1 Qxc3 30. Bc4 Kh6 31. Qg2 Rg8 32. Qg5+ Kh7 33. Bxg8+ Rxg8 34. Nf3 Qxd3 35. Qe7+ Rg7 36. Ng5+ Kh6 37. Nf7+ Rxf7 38. Qxf7 Qh3# 0-1

[Event "Piguee op 15th"]
[Site "Piguee"]
[Date "2020.07.28"]
[Round "2.3"]
[White "Palma, Valentin"]
[Black "Nobo, Jorge"]
[Result "0-1"]
[WhiteElo "1286"]
[BlackElo "1740"]
[PlyCount "58"]
[EventDate "2020.07.21"]
[EventType "tourn"]
[EventRounds "7"]
[EventCountry "ARG"]
[SourceTitle "EXT 2024"]
[Source "ChessBase"]
[SourceDate "2023.10.10"]
[SourceVersion "1"]
[SourceVersionDate "2023.10.10"]
[SourceQuality "1"]

1. c4 e5 2. Nc3 Nf6 3. d3 Bc5 4. Nf3 d6 5. Bg5 Bg4 6. Nd2 Nbd7 7. a3 Bh5 8. Nde4 c6 9. b4 Bd4 10. Nxd6+ Ke7 11. Nf5+ Kf8 12. Nxd4 exd4 13. Ne4 h6 14. Bxf6 Nxf6 15. Nd2 b6 16. g3 c5 17. Bg2 Rb8 18. 0-0 Kg8 19. Nf3 Qe8 20. Re1 Kh7 21. bxc5 bxc5 22. Rb1 Qe6 23. Qd2 Rhe8 24. Qf4 Rxb1 25. Rxb1 Qxe2 26. Re1 Qxd3 27. Rxe8 Nxe8 28. Ne5 Qb1+ 29. Bf1 Be2 0-1

[Event "Piguee op 15th"]
[Site "Piguee"]
[Date "2020.07.21"]
[Round "1.2"]
[White "Nobo, Jorge"]
[Black "Etchepareborda, Juan"]
[Result "0-1"]
[WhiteElo "1740"]
[BlackElo "1619"]
[PlyCount "118"]
[EventDate "2020.07.21"]
[EventType "tourn"]
[EventRounds "7"]
[EventCountry "ARG"]
[SourceTitle "EXT 2024"]
[Source "ChessBase"]
[SourceDate "2023.10.10"]
[SourceVersion "1"]
[SourceVersionDate "2023.10.10"]
[SourceQuality "1"]

1. d4 Nf6 2. e3 e6 3. Nf3 b6 4. Be2 Bb7 5. 0-0 Bd6 6. Nbd2 c5 7. c3 cxd4 8. cxd4 Nc6 9. e4 Bf4 10. e5 Nd5 11. Nc4 0-0 12. Nd6 Rb8 13. a3 Nce7 14. Qd3 Bxc1 15. Raxc1 Nf4 16. Nxb7 Nxd3 17. Nxd8 Nxc1 18. Rxc1 Rfxd8 19. a4 Rbc8 20. Bc4 a6 21. Rc3 b5 22. axb5 axb5 23. Bxb5 Rxc3 24. bxc3 d6 25. exd6 Rxd6 26. g3 Nd5 27. c4 Rb6 28. Ne5 Nc3 29. Be8 Rb7 30. Bxf7+ Rxf7 31. Nxf7 Kxf7 32. Kf1 Kf6 33. c5 Nd5 34. Ke2 Kf5 35. Kd3 g5 36. h3 h5 37. c6 Nb4+ 38. Ke3 Nxc6 39. f3 Nb4 40. g4+ hxg4 41. hxg4+ Kf6 42. Ke4 Nd5 43. Kd3 Ke7 44. Ke4 Kd6 45. Kd3 Nb4+ 46. Kc4 Nc6 47. Kd3 Kd5 48. Ke3 Nxd4 49. f4 gxf4+ 50. Kxf4 e5+ 51. Ke3 Ne6 52. Kd3 Nf4+ 53. Ke3 Ne6 54. Kd3 e4+ 55. Ke3 Ke5 56. Kf2 Kf4 57. Ke2 Kxg4 58. Ke3 Nc5 59. Kd4 Kf3 0-1